| 000 | 01047naa a22001937a 4500 | ||
|---|---|---|---|
| 007 | c| aa aaaaa | ||
| 008 | 240912e20240416xxk||||osv|||o00| 0 eng d | ||
| 041 | _aeng | ||
| 245 | _aWeintraub v London Borough of Hackney | ||
| 260 |
_a[2024] EWHC 845 (Ch), _bChancery Division, _c16 April 2024 |
||
| 520 | _aOn 21 March 2024, Mr Justice Zacarroli delivered a judgment in the ChD. An individual who had a secure tenancy of a council flat wanted to exercise their right to buy under the Housing Act 1985 s.118 after not being in residence for a long period, their intention to return to the property as their only home, even though that was to happen only once they had exercised their right to buy the property, was sufficient to satisfy the tenant condition in s.81. | ||
| 650 | _aHOUSING ACT 1985 | ||
| 650 | _aLANDLORD AND TENANT | ||
| 650 | _aRIGHT TO BUY | ||
| 650 | _aJUDGMENT | ||
| 651 | _aUnited Kingdom | ||
| 690 |
_aLandlord and tenant _96252 |
||
| 856 |
_uhttps://www.bailii.org/ew/cases/EWHC/Ch/2024/845.html _zAvailable from BAILII |
||
| 999 |
_c121995 _d121995 |
||